[Event "Solingen it"]
[Site "Solingen GER"]
[Date "1974.07.??"]
[Round "1"]
[White "Spassky, Boris"]
[Black "Szabo, Laszlo"]
[Result "1/2-1/2"]
[WhiteElo "2650"]
[BlackElo "2555"]
[EventDate "1974.07.??"]
[PlyCount "32"]

1.e4 e5 2.Nf3 Nf6 3.Nxe5 d6 4.Nf3 Nxe4 5.Qe2 Qe7 6.d3 Nf6 7.Bg5 Qxe2+ 8.
Bxe2 Be7 9.c4 h6 10.Bf4 Na6 11.Nc3 Nc5 12.O-O-O Bf5 13.Rhe1 O-O-O 14.d4 
Ne6 15.Bg3 Rhe8 16.d5 Nc5 1/2-1/2

[Event "Solingen it"]
[Site "Solingen GER"]
[Date "1974.07.??"]
[Round "1"]
[White "Polugaevsky, Lev"]
[Black "Uhlmann, Wolfgang"]
[Result "1/2-1/2"]
[WhiteElo "2630"]
[BlackElo "2550"]
[EventDate "1974.07.??"]
[PlyCount "86"]

1.c4 e5 2.Nc3 Nf6 3.Nf3 Nc6 4.g3 Bb4 5.Bg2 O-O 6.O-O e4 7.Ne1 Bxc3 8.dxc3 
h6 9.Nc2 d6 10.Ne3 Re8 11.Qc2 Ne5 12.Bxe4 Nxe4 13.Qxe4 Ng4 14.Qd3 Nxe3 15.
Bxe3 Bh3 16.Rfe1 Qd7 17.Bd2 Re6 18.e4 Rae8 19.f3 f5 20.exf5 Rxe1+ 21.Rxe1 
Rxe1+ 22.Bxe1 Qxf5 23.Qe2 Qe6 24.Kf2 Bf5 25.g4 Qxe2+ 26.Kxe2 Bb1 27.a3 Kf7
28.Bf2 c5 29.Bg3 Ke6 30.h4 Ba2 31.Kd3 Bb1+ 32.Ke3 Ba2 33.f4 Bxc4 34.f5+ 
Ke7 35.g5 hxg5 36.hxg5 Bb3 37.g6 a6 38.Kf4 d5 39.Bf2 d4 40.cxd4 cxd4 41.
Bxd4 Kf8 42.Bc5+ Kg8 43.Bb6 Kf8 1/2-1/2

[Event "Solingen it"]
[Site "Solingen GER"]
[Date "1974.07.??"]
[Round "1"]
[White "Capelan, Guenther"]
[Black "Westerinen, Heikki"]
[Result "1/2-1/2"]
[WhiteElo "2410"]
[BlackElo "2465"]
[EventDate "1974.07.??"]
[PlyCount "98"]

1.e4 g6 2.d4 Bg7 3.c3 d5 4.exd5 Qxd5 5.Nf3 Nf6 6.Nbd2 O-O 7.Bc4 Qd6 8.O-O 
c5 9.dxc5 Qxc5 10.Qe2 Nc6 11.Nb3 Qh5 12.Nfd4 Qxe2 13.Bxe2 Nxd4 14.Nxd4 e5 
15.Nf3 Re8 16.Rd1 Bd7 17.Ng5 Red8 18.Be3 h6 19.Nf3 Ne4 20.Rd5 Be6 21.Rxd8+
Rxd8 22.Bxa7 Ra8 23.Bb6 Rxa2 24.Rxa2 Bxa2 25.Bc7 f6 26.Bd3 Bd5 27.c4 Nc5 
28.cxd5 Nxd3 29.d6 Nc5 30.Nd2 Kf7 31.Nb3 Nd7 32.Na5 b6 33.Nc4 Ke6 34.Nxb6 
Nxb6 35.Bxb6 Kxd6 36.b3 Kc6 37.Be3 f5 38.f3 Bf8 39.Kf1 Kb5 40.Bd2 Bc5 41.
Bxh6 Kb4 42.Ke2 e4 43.fxe4 fxe4 44.Be3 Bd6 45.Bd2+ Kxb3 46.Ke3 Kc2 47.Ba5 
Bxh2 48.Kxe4 Kd1 49.Kf3 Bd6 1/2-1/2

[Event "Solingen it"]
[Site "Solingen GER"]
[Date "1974.07.??"]
[Round "1"]
[White "Gerusel, Mathias"]
[Black "Eising, Johannes"]
[Result "1-0"]
[WhiteElo "2420"]
[BlackElo "2405"]
[EventDate "1974.07.??"]
[PlyCount "68"]

1.d4 f5 2.g3 Nf6 3.Bg2 g6 4.Nh3 e6 5.O-O d6 6.c4 Bg7 7.Nc3 O-O 8.Nf4 c6 9.
Nd3 Nbd7 10.b3 e5 11.dxe5 dxe5 12.Ba3 Re8 13.e4 Qa5 14.Bb4 Qc7 15.Nb2 Bf8 
16.Bxf8 Nxf8 17.exf5 Bxf5 18.Qe2 Ne6 19.Ne4 Bxe4 20.Bxe4 Nd4 21.Qe3 Re7 
22.Kg2 Rf8 23.h3 Ref7 24.Rad1 Nxe4 25.Qxe4 Nf3 26.Rd3 Qa5 27.a4 Nh2 28.
Kxh2 Rxf2+ 29.Rxf2 Rxf2+ 30.Kg1 Rxb2 31.Qe3 Qc7 32.h4 a5 33.c5 Qe7 34.Rd6 
1-0

[Event "Solingen it"]
[Site "Solingen GER"]
[Date "1974.07.??"]
[Round "1"]
[White "Honfi, Karoly"]
[Black "Kurajica, Bojan"]
[Result "1-0"]
[WhiteElo "2470"]
[BlackElo "2510"]
[EventDate "1974.07.??"]
[PlyCount "84"]

1.e4 c5 2.Nf3 Nc6 3.d4 cxd4 4.Nxd4 Qc7 5.Nc3 e6 6.g3 a6 7.Bg2 Nf6 8.O-O 
Be7 9.Re1 O-O 10.Nxc6 dxc6 11.e5 Rd8 12.Qf3 Nd5 13.h4 Nxc3 14.Qxc3 Bd7 15.
Bg5 Be8 16.a4 a5 17.Bxe7 Qxe7 18.Re4 Qd7 19.Bf3 Qc7 20.Qe3 h6 21.Re1 c5 
22.Rg4 Rd4 23.Be4 Kf8 24.c3 Rxa4 25.b3 Ra3 26.Bd3 a4 27.bxa4 Bxa4 28.Bb1 
Ra1 29.Qe4 h5 30.Rf4 Ke8 31.Qh7 Qe7 32.Kh2 Qf8 33.Qxh5 Bc6 34.Rd1 Bd5 35.
c4 Rxb1 36.Rxb1 Bc6 37.g4 Ra2 38.g5 g6 39.Qh7 Qe7 40.Rd1 Ra8 41.h5 gxh5 
42.g6 1-0

[Event "Solingen it"]
[Site "Solingen GER"]
[Date "1974.07.??"]
[Round "1"]
[White "Hecht, Hans-Joachim"]
[Black "Lehmann, Heinz"]
[Result "1/2-1/2"]
[WhiteElo "2515"]
[BlackElo "2395"]
[EventDate "1974.07.??"]
[PlyCount "60"]

1.Nf3 d5 2.b3 Nf6 3.Bb2 g6 4.c4 c6 5.e3 Bg7 6.Be2 O-O 7.O-O Bg4 8.h3 Bxf3 
9.Bxf3 Nbd7 10.d4 Re8 11.Nc3 e6 12.Rc1 Qe7 13.Qc2 Red8 14.Rfd1 h5 15.e4 
dxe4 16.Nxe4 Nxe4 17.Bxe4 Rac8 18.Re1 Nf6 19.Bf3 Nh7 20.Rcd1 Qc7 21.Re3 
Qf4 22.g3 Qc7 23.h4 Rd7 24.Red3 Rcd8 25.Qe2 Qa5 26.Bc3 Qc7 27.Bb2 Nf6 28.
Bc1 Nh7 29.Bb2 Nf6 30.Bc1 1/2-1/2

[Event "Solingen it"]
[Site "Solingen GER"]
[Date "1974.07.??"]
[Round "2"]
[White "Clemens, Christian"]
[Black "Capelan, Guenther"]
[Result "0-1"]
[WhiteElo "2370"]
[BlackElo "2410"]
[EventDate "1974.07.??"]
[PlyCount "68"]

1.Nf3 d5 2.g3 Nf6 3.Bg2 e6 4.O-O Be7 5.d4 O-O 6.c4 Nbd7 7.Nbd2 b6 8.b3 Bb7
9.Bb2 c5 10.cxd5 Bxd5 11.Rc1 Rc8 12.Re1 cxd4 13.Nxd4 Bxg2 14.Kxg2 Bb4 15.
Rxc8 Qxc8 16.a3 Bxd2 17.Qxd2 e5 18.Nf5 Qc6+ 19.e4 Qe6 20.Qg5 g6 21.Nh6+ 
Kg7 22.f4 Nxe4 23.Rxe4 Qc6 24.Nf5+ Kh8 25.Kf3 f6 26.Ne7 Qxe4+ 27.Kxe4 fxg5
28.fxe5 Nc5+ 29.Kd5 Rd8+ 30.Kc6 Rd2 31.Bc3 Rc2 32.e6+ Rxc3 33.Nd5 Rc2 34.
e7 Ne6+ 0-1

[Event "Solingen it"]
[Site "Solingen GER"]
[Date "1974.07.??"]
[Round "2"]
[White "Eising, Johannes"]
[Black "Spassky, Boris"]
[Result "1/2-1/2"]
[WhiteElo "2405"]
[BlackElo "2650"]
[EventDate "1974.07.??"]
[Source "PGN Mentor"]
[PlyCount "57"]

1.d4 d5 2.c4 e6 3.Nc3 c6 4.e4 dxe4 5.Nxe4 Bb4+ 6.Nc3 c5 7.Nf3 Nf6 8.a3 
Bxc3+ 9.bxc3 O-O 10.Bd3 Qa5 11.Qc2 cxd4 12.Bd2 dxc3 13.Bxc3 Qh5 14.O-O 
Nbd7 15.Rae1 b5 16.cxb5 Bb7 17.Ne5 Rfc8 18.Nxd7 Nxd7 19.Re3 Rc5 20.Be4 
Bxe4 21.Qxe4 Rac8 22.Qd4 Nf6 23.a4 h6 24.Re5 Rxe5 25.Qxe5 Qxe5 26.Bxe5 Rc4
27.Ra1 Nd7 28.Bd6 Nc5 29.Bxc5 1/2-1/2

[Event "Solingen it"]
[Site "Solingen GER"]
[Date "1974.07.??"]
[Round "2"]
[White "Westerinen, Heikki"]
[Black "Honfi, Karoly"]
[Result "0-1"]
[WhiteElo "2465"]
[BlackElo "2470"]
[EventDate "1974.07.??"]
[PlyCount "80"]

1.e4 c5 2.Nf3 Nc6 3.Bb5 d6 4.O-O Bd7 5.Re1 a6 6.Bf1 e5 7.c3 Nf6 8.h3 Be7 
9.d4 Qc7 10.Bg5 h6 11.Bh4 O-O 12.Nbd2 Rfe8 13.Rc1 b5 14.Bd3 cxd4 15.cxd4 
Qb6 16.dxe5 dxe5 17.Bg3 Rad8 18.Qe2 Nh5 19.Bxe5 Nxe5 20.Nxe5 Nf4 21.Qf3 
Bg5 22.Nxf7 Rf8 23.Nxg5 hxg5 24.Qe3 Qxe3 25.Rxe3 Be6 26.Rc6 Nxd3 27.Nf3 
Bxa2 28.Rxa6 Bc4 29.Nxg5 Nxf2 30.b3 Rd1+ 31.Kh2 Rd3 32.Rxd3 Bxd3 33.e5 Ne4
34.Ne6 Re8 35.Rb6 g5 36.h4 Kf7 37.Nxg5+ Nxg5 38.Rd6 Bc2 39.hxg5 Rxe5 40.b4
Rxg5 0-1

[Event "Solingen it"]
[Site "Solingen GER"]
[Date "1974.07.??"]
[Round "2"]
[White "Uhlmann, Wolfgang"]
[Black "Kavalek, Lubomir"]
[Result "1/2-1/2"]
[WhiteElo "2550"]
[BlackElo "2625"]
[EventDate "1974.07.??"]
[Source "PGN Mentor"]
[PlyCount "38"]

1.c4 e6 2.Nc3 d5 3.d4 Nf6 4.Bg5 Be7 5.cxd5 exd5 6.e3 O-O 7.Bd3 Nbd7 8.Nf3 
c6 9.Qc2 Re8 10.O-O Nf8 11.Ne5 Ng4 12.Bxe7 Qxe7 13.Nxg4 Bxg4 14.Rfe1 Rad8 
15.Rab1 Bh5 16.b4 a6 17.a4 Bg6 18.b5 axb5 19.axb5 Ne6 1/2-1/2

[Event "Solingen it"]
[Site "Solingen GER"]
[Date "1974.07.??"]
[Round "2"]
[White "Szabo, Laszlo"]
[Black "Polugaevsky, Lev"]
[Result "1/2-1/2"]
[WhiteElo "2555"]
[BlackElo "2630"]
[EventDate "1974.07.??"]
[PlyCount "28"]

1.c4 Nf6 2.Nc3 e6 3.Nf3 b6 4.e4 Bb7 5.d3 d6 6.Be2 Be7 7.O-O c5 8.Ne1 Nc6 
9.f4 O-O 10.Nc2 d5 11.cxd5 exd5 12.e5 Ne8 13.d4 f6 14.Bf3 Nxd4 1/2-1/2

[Event "Solingen it"]
[Site "Solingen GER"]
[Date "1974.07.??"]
[Round "2"]
[White "Lehmann, Heinz"]
[Black "Gerusel, Mathias"]
[Result "0-1"]
[WhiteElo "2395"]
[BlackElo "2420"]
[EventDate "1974.07.??"]
[PlyCount "76"]

1.c4 e5 2.Nc3 Nf6 3.Nf3 Nc6 4.e3 Bb4 5.Qc2 O-O 6.d3 d5 7.cxd5 Nxd5 8.Bd2 
Be7 9.a3 a5 10.Be2 b6 11.O-O Bb7 12.Rfd1 Qd7 13.Be1 Rfd8 14.Nxd5 Qxd5 15.
b3 Rd7 16.Bc3 Rad8 17.Qb2 Bf6 18.b4 axb4 19.axb4 Re8 20.b5 Nd8 21.Ra7 c5 
22.e4 Qd6 23.Nd2 Qb8 24.Rda1 Ne6 25.Nc4 Qd8 26.Nxe5 Nf4 27.Bf1 Bxe5 28.
Bxe5 Nxd3 29.Bxd3 Rxd3 30.f3 Rd2 31.Qc3 Qg5 32.Bg3 Rd7 33.Re1 h6 34.Ra2 
Red8 35.Bf2 Rd3 36.Qc4 Rxf3 37.Ra7 Rd7 38.Rea1 Rxf2 0-1

[Event "Solingen it"]
[Site "Solingen GER"]
[Date "1974.07.??"]
[Round "2"]
[White "Kurajica, Bojan"]
[Black "Hecht, Hans-Joachim"]
[Result "1-0"]
[WhiteElo "2510"]
[BlackElo "2515"]
[EventDate "1974.07.??"]
[PlyCount "77"]

1.e4 e6 2.d4 d5 3.Nc3 Bb4 4.e5 b6 5.Qg4 Bf8 6.a4 Ba6 7.Nb5 Qd7 8.Bd3 Bb7 
9.b3 a6 10.Na3 c5 11.c3 Nc6 12.Nc2 cxd4 13.cxd4 Nb4 14.Nxb4 Bxb4+ 15.Bd2 
Bxd2+ 16.Kxd2 f5 17.Qh5+ g6 18.Qg5 Qf7 19.Ke2 Ne7 20.Nf3 h6 21.Qd2 Nc6 22.
b4 g5 23.b5 axb5 24.Bxb5 O-O 25.h4 g4 26.Bxc6 gxf3+ 27.gxf3 Ba6+ 28.Bb5 
Kh7 29.Qd3 Bb7 30.Rac1 Rac8 31.Qa3 Rc4 32.Qd6 Rfc8 33.Rxc4 dxc4 34.Qd7 
Qxd7 35.Bxd7 Rd8 36.Bxe6 f4 37.Rb1 Rxd4 38.Rxb6 Ba8 39.Rd6 1-0

[Event "Solingen it"]
[Site "Solingen GER"]
[Date "1974.07.??"]
[Round "3"]
[White "Hecht, Hans-Joachim"]
[Black "Westerinen, Heikki"]
[Result "1-0"]
[WhiteElo "2515"]
[BlackElo "2465"]
[EventDate "1974.07.??"]
[PlyCount "80"]

1.e4 g6 2.d4 Bg7 3.Nc3 c6 4.h4 b5 5.a3 h5 6.Be3 d6 7.Nh3 Nd7 8.Bd3 Ngf6 9.
f3 Nb6 10.Ng5 Nc4 11.Bxc4 bxc4 12.Qe2 d5 13.O-O-O Rb8 14.Bf4 Rb7 15.e5 Nh7
16.Nxh7 Rxh7 17.Na4 Rb5 18.Nc5 e6 19.c3 Rh8 20.Bg5 Qc7 21.Rhe1 Bf8 22.Bf6 
Rg8 23.g4 hxg4 24.fxg4 Qb6 25.Rg1 Ba6 26.h5 Rxc5 27.dxc5 Bxc5 28.Rh1 gxh5 
29.gxh5 Be3+ 30.Kb1 Bh6 31.Qf3 Bb5 32.Rhf1 Bf8 33.h6 Bxh6 34.Bg5 Rxg5 35.
Qxf7+ Kd8 36.Qf6+ Kc8 37.Qxh6 Rg2 38.Rf7 Rg8 39.Qxe6+ Kb8 40.Qd6+ Ka8 1-0

[Event "Solingen it"]
[Site "Solingen GER"]
[Date "1974.07.??"]
[Round "3"]
[White "Honfi, Karoly"]
[Black "Clemens, Christian"]
[Result "0-1"]
[WhiteElo "2470"]
[BlackElo "2370"]
[EventDate "1974.07.??"]
[PlyCount "74"]

1.e4 g6 2.d4 c6 3.Nc3 d5 4.h3 Bg7 5.Nf3 Nh6 6.Be2 O-O 7.O-O f6 8.Re1 Nf7 
9.Bf1 b6 10.b3 e6 11.a4 Re8 12.Ba3 a6 13.Nb1 dxe4 14.Rxe4 c5 15.Re1 f5 16.
c3 cxd4 17.cxd4 Nc6 18.Bb2 Ra7 19.Na3 Rd7 20.Nc2 e5 21.Bc4 e4 22.Qe2 Rf8 
23.Nh2 Nxd4 24.Nxd4 Bxd4 25.Bxd4 Rxd4 26.Bxa6 Rd2 27.Qc4 Bxa6 28.Qxa6 Qd4 
29.Qf1 Rd8 30.Rac1 Qb2 31.Rb1 Qa2 32.f3 R8d3 33.Kh1 e3 34.f4 e2 35.Qg1 
Qxb1 36.Rxb1 Rd1 37.Nf3 Rxb1 0-1

[Event "Solingen it"]
[Site "Solingen GER"]
[Date "1974.07.??"]
[Round "3"]
[White "Gerusel, Mathias"]
[Black "Kurajica, Bojan"]
[Result "1/2-1/2"]
[WhiteElo "2420"]
[BlackElo "2510"]
[EventDate "1974.07.??"]
[PlyCount "128"]

1.d4 g6 2.c4 Bg7 3.Nc3 d6 4.e4 e5 5.dxe5 dxe5 6.Qxd8+ Kxd8 7.f4 Nc6 8.fxe5
Nxe5 9.Bg5+ f6 10.O-O-O+ Bd7 11.Bf4 Bh6 12.g3 c6 13.Bh3 Ke7 14.Bxd7 Nxd7 
15.b3 Nc5 16.Kc2 Bxf4 17.gxf4 Nh6 18.h3 Rad8 19.Nge2 a5 20.a3 Ne6 21.Rhg1 
Rxd1 22.Nxd1 g5 23.Rf1 gxf4 24.Nxf4 Rg8 25.Nh5 Rg5 26.Nxf6 Rg3 27.b4 axb4 
28.axb4 Rxh3 29.e5 Nd4+ 30.Kb2 Nhf5 31.Rf4 Ke6 32.Nf2 Rb3+ 33.Ka2 Kxe5 34.
Nh5 Rc3 35.Re4+ Kd6 36.Rxd4+ Kc7 37.Rf4 Nd6 38.c5 Nc4 39.Rf7+ Kb8 40.Ne4 
Ra3+ 41.Kb1 Rb3+ 42.Kc2 Rxb4 43.Kc3 Ra4 44.Kb3 b5 45.Nd6 Ne5 46.Rf8+ Ka7 
47.Nf4 Ra1 48.Re8 Re1 49.Rh8 Rb1+ 50.Kc2 Rh1 51.Rg8 Rh4 52.Ne6 Rh2+ 53.Kd1
Nd3 54.Rg3 Nb2+ 55.Kc1 Na4 56.Rg5 Rh6 57.Rg7+ Ka6 58.Rc7 Ka5 59.Rxc6 Kb4 
60.Ne4 Rh4 61.Nf2 Rh2 62.Ne4 Rh4 63.Nf2 Rh2 64.Ne4 Rh4 1/2-1/2

[Event "Solingen it"]
[Site "Solingen GER"]
[Date "1974.07.??"]
[Round "3"]
[White "Kavalek, Lubomir"]
[Black "Szabo, Laszlo"]
[Result "1/2-1/2"]
[WhiteElo "2625"]
[BlackElo "2555"]
[EventDate "1974.07.??"]
[Source "PGN Mentor"]
[PlyCount "38"]

1.e4 e5 2.Nf3 Nc6 3.Bb5 a6 4.Ba4 Nf6 5.O-O Be7 6.Re1 b5 7.Bb3 O-O 8.c3 d6 
9.h3 Na5 10.Bc2 c5 11.d4 Qc7 12.Nbd2 Re8 13.a3 cxd4 14.cxd4 exd4 15.Nxd4 
Bf8 16.Nf1 Bb7 17.Ng3 d5 18.exd5 Rxe1+ 19.Qxe1 Bxd5 1/2-1/2

[Event "Solingen it"]
[Site "Solingen GER"]
[Date "1974.07.??"]
[Round "3"]
[White "Polugaevsky, Lev"]
[Black "Eising, Johannes"]
[Result "0-1"]
[WhiteElo "2630"]
[BlackElo "2405"]
[EventDate "1974.07.??"]
[PlyCount "80"]

1.d4 g6 2.e4 Bg7 3.c4 d6 4.Nc3 c5 5.d5 e6 6.Nf3 Ne7 7.Be2 O-O 8.O-O e5 9.
a3 h6 10.b4 b6 11.bxc5 bxc5 12.Nd2 f5 13.Nb3 Nd7 14.Bd2 Nf6 15.exf5 gxf5 
16.Nb5 Ng6 17.Na5 f4 18.Nc6 Qd7 19.Ba5 Nh4 20.f3 Ne8 21.Bd3 Kh8 22.Nd8 Rg8
23.Ra2 Bf6 24.Ne6 Qe7 25.Be4 Rb8 26.Rff2 a6 27.Nc3 Ng7 28.Nxg7 Qxg7 29.Qc2
Bd8 30.Bxd8 Rxd8 31.Kh1 Rg8 32.Ra1 Bd7 33.Rg1 Qf7 34.Bd3 Nf5 35.Bxf5 Bxf5 
36.Qa4 Qb7 37.Ne4 Bxe4 38.fxe4 Rg6 39.Rf3 Qb2 40.Qd7 Qxg2+ 0-1

[Event "Solingen it"]
[Site "Solingen GER"]
[Date "1974.07.??"]
[Round "4"]
[White "Kurajica, Bojan"]
[Black "Spassky, Boris"]
[Result "1/2-1/2"]
[WhiteElo "2510"]
[BlackElo "2650"]
[EventDate "1974.07.??"]
[PlyCount "79"]

1.e4 c5 2.Nf3 d6 3.d4 cxd4 4.Nxd4 Nf6 5.Nc3 e6 6.g4 h6 7.Rg1 Nc6 8.Be3 a6 
9.Qe2 Nxd4 10.Bxd4 e5 11.Be3 Be6 12.h4 Rc8 13.g5 hxg5 14.hxg5 Rxc3 15.gxf6
Rxe3 16.Qxe3 gxf6 17.Qc3 Qb6 18.a3 Rh4 19.Bg2 Rf4 20.Rf1 Bh6 21.Rd1 Bg5 
22.Qb4 Qxb4+ 23.axb4 Bh3 24.Bh1 Bh4 25.Rd2 Bxf1 26.Kxf1 d5 27.Re2 dxe4 28.
Rxe4 Rxf2+ 29.Kg1 Bg3 30.Rg4 Rxc2 31.Rxg3 Rxb2 32.Bxb7 Rxb4 33.Bxa6 Ke7 
34.Bc8 Rc4 35.Bh3 e4 36.Ra3 Kd6 37.Ra5 Rc5 38.Rxc5 Kxc5 39.Kf2 Kd4 40.Bg4 
1/2-1/2

[Event "Solingen it"]
[Site "Solingen GER"]
[Date "1974.07.??"]
[Round "4"]
[White "Clemens, Christian"]
[Black "Hecht, Hans-Joachim"]
[Result "1/2-1/2"]
[WhiteElo "2370"]
[BlackElo "2515"]
[EventDate "1974.07.??"]
[PlyCount "62"]

1.Nf3 Nf6 2.g3 b5 3.Bg2 Bb7 4.d4 e6 5.O-O c5 6.c3 cxd4 7.cxd4 Be7 8.Bg5 
O-O 9.Nbd2 h6 10.Bxf6 Bxf6 11.a4 b4 12.e4 d5 13.e5 Be7 14.Nb3 Ba6 15.Re1 
Nd7 16.Bf1 Qb6 17.a5 Qb7 18.Bxa6 Qxa6 19.Qe2 Qxe2 20.Rxe2 Rfc8 21.Kf1 Rc4 
22.Ke1 Rac8 23.Kd1 Kf8 24.Ne1 Nb8 25.f4 Ke8 26.Ng2 Na6 27.Ne3 R4c7 28.h4 
g6 29.h5 gxh5 30.Rh2 h4 31.gxh4 f5 1/2-1/2

[Event "Solingen it"]
[Site "Solingen GER"]
[Date "1974.07.??"]
[Round "4"]
[White "Lehmann, Heinz"]
[Black "Polugaevsky, Lev"]
[Result "0-1"]
[WhiteElo "2395"]
[BlackElo "2630"]
[EventDate "1974.07.??"]
[PlyCount "54"]

1.c4 Nf6 2.Nf3 g6 3.b3 Bg7 4.Bb2 O-O 5.g3 d6 6.d4 Nbd7 7.Bg2 e5 8.dxe5 
dxe5 9.O-O e4 10.Ng5 Re8 11.Qc2 e3 12.f4 Nc5 13.Rd1 Qe7 14.Nc3 c6 15.b4 
Bf5 16.Qc1 Ne6 17.b5 Nxg5 18.fxg5 Nh5 19.bxc6 bxc6 20.Na4 Bxb2 21.Qxb2 
Qxg5 22.Qc3 Be4 23.Rd4 Nxg3 24.hxg3 Qxg3 25.Rxe4 Rxe4 26.Qe1 Qg5 27.Kf1 
Rg4 0-1

[Event "Solingen it"]
[Site "Solingen GER"]
[Date "1974.07.??"]
[Round "4"]
[White "Westerinen, Heikki"]
[Black "Gerusel, Mathias"]
[Result "1-0"]
[WhiteElo "2465"]
[BlackElo "2420"]
[EventDate "1974.07.??"]
[PlyCount "126"]

1.e4 c5 2.Nf3 a6 3.c3 d6 4.d4 Qc7 5.g3 Nd7 6.Bg2 Ngf6 7.Nbd2 g6 8.O-O e5 
9.dxe5 dxe5 10.a4 b6 11.Ng5 h6 12.Nh3 Bb7 13.f4 Bg7 14.Nc4 O-O 15.fxe5 
Nxe5 16.Bf4 Nfd7 17.Nf2 b5 18.Ne3 c4 19.Qd2 Nc5 20.Rad1 g5 21.Bxe5 Qxe5 
22.Nf5 Nxe4 23.Nxe4 Bxe4 24.Bxe4 Qxe4 25.axb5 axb5 26.Qf2 Ra6 27.Rde1 Qb7 
28.Re7 Qb6 29.Re3 b4 30.Ne7+ Kh8 31.Nd5 Qc5 32.Nxb4 Rf6 33.Rf3 Qxf2+ 34.
R3xf2 Rxf2 35.Rxf2 Kg8 36.Nd5 Rd8 37.Ne7+ Kf8 38.Nf5 Rd3 39.Re2 Kg8 40.Ne3
Bf8 41.Nxc4 Kg7 42.Rd2 Rf3 43.Kg2 Rf5 44.b4 h5 45.Ne3 Rf6 46.Nd5 Re6 47.b5
Bc5 48.Kf1 Kg6 49.Rb2 Kf5 50.b6 Ke4 51.b7 Ba7 52.c4 Kd4 53.Ra2 Bb8 54.Ra8 
Be5 55.Rc8 h4 56.gxh4 gxh4 57.Nc7 Rb6 58.b8=Q Rxb8 59.Rxb8 Bxc7 60.Rh8 f5 
61.Rxh4+ f4 62.Rh8 Be5 63.Rc8 1-0

[Event "Solingen it"]
[Site "Solingen GER"]
[Date "1974.07.??"]
[Round "4"]
[White "Capelan, Guenther"]
[Black "Honfi, Karoly"]
[Result "1-0"]
[WhiteElo "2410"]
[BlackElo "2470"]
[EventDate "1974.07.??"]
[PlyCount "60"]

1.e4 c5 2.Nf3 d6 3.d4 cxd4 4.Nxd4 Nf6 5.Nc3 Nc6 6.Bg5 e6 7.Qd2 Be7 8.O-O-O
O-O 9.f4 h6 10.Bxf6 Bxf6 11.Ndb5 Qa5 12.Nxd6 Rd8 13.e5 Nxe5 14.Nce4 Qxa2 
15.Nxf6+ gxf6 16.c3 Bd7 17.fxe5 Qa1+ 18.Kc2 Ba4+ 19.b3 Qa2+ 20.Kc1 Qxb3 
21.Bc4 Qa3+ 22.Kb1 Bxd1 23.Rxd1 fxe5 24.Qd3 Qc5 25.Bxe6 e4 26.Qxe4 Qxc3 
27.Rd3 Qg7 28.Rg3 Rxd6 29.Rxg7+ Kxg7 30.Qe5+ 1-0

[Event "Solingen it"]
[Site "Solingen GER"]
[Date "1974.07.??"]
[Round "5"]
[White "Kavalek, Lubomir"]
[Black "Lehmann, Heinz"]
[Result "1/2-1/2"]
[WhiteElo "2625"]
[BlackElo "2395"]
[EventDate "1974.07.??"]
[Source "PGN Mentor"]
[PlyCount "57"]

1.e4 Nf6 2.e5 Nd5 3.d4 d6 4.Nf3 dxe5 5.Nxe5 g6 6.Bc4 Be6 7.Nc3 Bg7 8.Ne4 
Bxe5 9.dxe5 Nc6 10.Bh6 Ne3 11.fxe3 Qxd1+ 12.Rxd1 Bxc4 13.b3 Be6 14.Nc5 Bc8
15.O-O b6 16.Ne4 Rg8 17.Bf4 Nd8 18.Rd2 Bb7 19.Nc3 Ne6 20.Bg3 h5 21.Rfd1 g5
22.Nb5 h4 23.Be1 a6 24.Nd4 Nc5 25.b4 Ne4 26.Rd3 e6 27.c4 O-O-O 28.Nf3 Rxd3
29.Rxd3 1/2-1/2

[Event "Solingen it"]
[Site "Solingen GER"]
[Date "1974.07.??"]
[Round "5"]
[White "Hecht, Hans-Joachim"]
[Black "Capelan, Guenther"]
[Result "0-1"]
[WhiteElo "2515"]
[BlackElo "2410"]
[EventDate "1974.07.??"]
[PlyCount "122"]

1.e4 c5 2.Nf3 e6 3.Nc3 a6 4.g3 Nc6 5.Bg2 Qc7 6.O-O Nf6 7.d3 d6 8.Ng5 h6 9.
Nh3 Be7 10.f4 b5 11.Qd2 Bb7 12.f5 b4 13.Nd1 exf5 14.exf5 Ne5 15.Bxb7 Qxb7 
16.Qg2 Qxg2+ 17.Kxg2 a5 18.Ne3 Kd7 19.Nf4 Kc6 20.c4 bxc3 21.bxc3 d5 22.Ba3
Bd6 23.Rfe1 Rhe8 24.Rab1 Neg4 25.Nf1 Bxf4 26.gxf4 Rxe1 27.Rxe1 Re8 28.Rxe8
Nxe8 29.Kf3 h5 30.h4 Nd6 31.Ng3 Nh6 32.Nxh5 Ndxf5 33.c4 Nxh4+ 34.Kf2 dxc4 
35.dxc4 N4f5 36.Ke2 Ng8 37.Bb2 g6 38.Nf6 Nxf6 39.Bxf6 a4 40.Kd3 Kd7 41.Bb2
Kd6 42.Bc1 Nd4 43.Be3 f6 44.Bc1 Nc6 45.Ke4 Nb4 46.a3 Nc6 47.Be3 Na5 48.Kd3
Nb3 49.Ke4 Nd4 50.Kd3 Ne6 51.Ke4 Nd8 52.Bd2 Nf7 53.Be1 g5 54.Bc3 gxf4 55.
Bxf6 Ke6 56.Bg7 Nd6+ 57.Kd3 f3 58.Bf8 Ne4 59.Bh6 Kf5 60.Be3 f2 61.Ke2 0-1

[Event "Solingen it"]
[Site "Solingen GER"]
[Date "1974.07.??"]
[Round "5"]
[White "Liberzon, Vladimir"]
[Black "Eising, Johannes"]
[Result "1/2-1/2"]
[WhiteElo "2515"]
[BlackElo "2405"]
[EventDate "1974.07.??"]
[PlyCount "62"]

1.e4 g6 2.d4 Bg7 3.Nc3 d6 4.f4 Nf6 5.Nf3 O-O 6.Bd3 Nc6 7.e5 dxe5 8.dxe5 
Nd5 9.Bd2 Bf5 10.Bxf5 gxf5 11.O-O e6 12.Qe2 f6 13.exf6 Qxf6 14.Rae1 Nd4 
15.Nxd4 Qxd4+ 16.Kh1 Rf6 17.Nxd5 Qxd5 18.Bc3 Rg6 19.Bxg7 Kxg7 20.Rd1 Qc6 
21.Rf3 Kg8 22.Rc3 Qb6 23.Rb3 Qc6 24.Rc3 Qb6 25.Rg3 Qc6 26.Rdd3 Rf8 27.h3 
Qe4 28.Qd2 e5 29.fxe5 Qxe5 30.Rxg6+ hxg6 31.c3 f4 1/2-1/2

[Event "Solingen it"]
[Site "Solingen GER"]
[Date "1974.07.??"]
[Round "5"]
[White "Gerusel, Mathias"]
[Black "Clemens, Christian"]
[Result "1-0"]
[WhiteElo "2420"]
[BlackElo "2370"]
[EventDate "1974.07.??"]
[PlyCount "154"]

1.d4 f5 2.g3 Nf6 3.Bg2 g6 4.b3 Bg7 5.Bb2 O-O 6.Nf3 d6 7.O-O Ne4 8.Nbd2 Nc6
9.Nc4 e6 10.e3 Qe7 11.Ne1 Rd8 12.Nd3 e5 13.f3 Ng5 14.d5 Nb8 15.f4 Nf7 16.
fxe5 dxe5 17.e4 fxe4 18.Bxe4 Nd7 19.Bg2 Nd6 20.Nxd6 cxd6 21.Nf2 Nf6 22.c4 
b5 23.cxb5 Rb8 24.Qe2 Qb7 25.a4 a6 26.Ne4 Nxe4 27.Bxe4 axb5 28.a5 b4 29.
Bc1 Ra8 30.Be3 Rf8 31.Bb6 Rxf1+ 32.Rxf1 Bh6 33.Kg2 Bg5 34.Qb5 Qd7 35.Qxb4 
Qh3+ 36.Kg1 Ba6 37.Bg2 Qh6 38.Rf3 Be7 39.Be3 Qg7 40.Qd2 e4 41.Rf2 Bd3 42.
Bf1 Qa1 43.Kg2 Bxf1+ 44.Rxf1 Qxa5 45.Qd4 Bf8 46.Qxe4 Bg7 47.Rf2 Be5 48.Bh6
Qc7 49.Qg4 Qe7 50.b4 Bg7 51.Bg5 Qe5 52.Qe6+ Kh8 53.Qxe5 Bxe5 54.Bf6+ Bxf6 
55.Rxf6 Rb8 56.Rf4 Kg7 57.Kf3 Ra8 58.Ke3 Ra3+ 59.Kd4 Ra2 60.h4 Ra3 61.g4 
h6 62.Kc4 Rh3 63.g5 hxg5 64.hxg5 Rg3 65.Kb5 Rxg5 66.Kc6 Rg1 67.b5 Rb1 68.
b6 g5 69.Rf2 g4 70.Rf4 Kg6 71.Rxg4+ Kf5 72.Rg8 Ke5 73.Re8+ Kd4 74.Re7 Rc1+
75.Kxd6 Rc5 76.b7 Rxd5+ 77.Kc6 1-0

[Event "Solingen it"]
[Site "Solingen GER"]
[Date "1974.07.??"]
[Round "5"]
[White "Spassky, Boris"]
[Black "Westerinen, Heikki"]
[Result "0-1"]
[WhiteElo "2650"]
[BlackElo "2465"]
[EventDate "1974.07.??"]
[PlyCount "114"]

1.e4 e5 2.Nf3 Nc6 3.Bb5 a6 4.Ba4 d6 5.Bxc6+ bxc6 6.d4 f6 7.Be3 g6 8.Qd2 
Bg7 9.Nc3 Ne7 10.Bh6 O-O 11.O-O-O Qe8 12.Bxg7 Kxg7 13.Ne1 Be6 14.f4 exf4 
15.Qxf4 Rb8 16.Nf3 Qc8 17.Rhe1 Qb7 18.b3 Qb4 19.Qe3 a5 20.d5 Bf7 21.Kb2 
Rfe8 22.a3 Qb7 23.Qd3 a4 24.b4 c5 25.b5 Nc8 26.Ka1 Nb6 27.g4 Nd7 28.g5 
fxg5 29.e5 Nxe5 30.Nxe5 dxe5 31.Rf1 Qb6 32.Ne4 Qxb5 33.Qc3 Bxd5 34.Nf6 c6 
35.Ng4 Qe2 36.h3 Rb7 37.Ne3 Qa6 38.Rg1 h6 39.h4 Rf7 40.hxg5 h5 41.Qxc5 Qa7
42.Qxa7 Rxa7 43.Nxd5 cxd5 44.Rxd5 e4 45.Kb2 e3 46.Kc3 e2 47.Re1 Rae7 48.
Rd4 Re4 49.Rd7+ R8e7 50.Kd3 Re5 51.Rd4 Rxg5 52.Rxa4 Rd5+ 53.Rd4 Rxd4+ 54.
Kxd4 h4 55.a4 h3 56.Kd3 h2 57.Kd2 Rd7+ 0-1

[Event "Solingen it"]
[Site "Solingen GER"]
[Date "1974.07.??"]
[Round "6"]
[White "Clemens, Christian"]
[Black "Spassky, Boris"]
[Result "1/2-1/2"]
[WhiteElo "2370"]
[BlackElo "2650"]
[EventDate "1974.07.??"]
[Source "PGN Mentor"]
[PlyCount "35"]

1.c4 e5 2.Nc3 Nc6 3.g3 g6 4.Bg2 Bg7 5.e3 Nh6 6.Nge2 O-O 7.O-O d6 8.d3 f5 
9.Rb1 g5 10.f4 gxf4 11.exf4 Nd4 12.h3 c6 13.Be3 Be6 14.Qd2 Nf7 15.h4 Qd7 
16.Rfe1 Rfe8 17.b4 Rac8 18.Kh2 1/2-1/2

[Event "Solingen it"]
[Site "Solingen GER"]
[Date "1974.07.??"]
[Round "6"]
[White "Kurajica, Bojan"]
[Black "Kavalek, Lubomir"]
[Result "0-1"]
[WhiteElo "2510"]
[BlackElo "2625"]
[EventDate "1974.07.??"]
[PlyCount "74"]

1.e4 c5 2.Nf3 d6 3.d4 cxd4 4.Nxd4 Nf6 5.Nc3 a6 6.f4 Qc7 7.Nf3 Nbd7 8.a4 g6
9.Bd3 Bg7 10.Qe2 O-O 11.O-O e6 12.Kh1 Nc5 13.Bd2 b6 14.b4 Nxd3 15.cxd3 Bb7
16.Rac1 Rfc8 17.Qf2 Qd8 18.h3 a5 19.bxa5 Rxa5 20.e5 Ne8 21.Be3 Ra6 22.Nd2 
f5 23.exf6 Nxf6 24.Nc4 Nd5 25.Nb5 Bf8 26.Bd4 Rxa4 27.Bb2 Rb4 28.Qd4 e5 29.
fxe5 Rxb5 30.e6 Rxb2 31.Qxb2 Qh4 32.Rf7 Ne7 33.Kg1 Bd5 34.Qe2 b5 35.Rcf1 
bxc4 36.R1f4 cxd3 37.Qf1 Qh6 0-1